| 000 | 00672nam a2200277Ia 4500 | ||
|---|---|---|---|
| 005 | 20250425161149.0 | ||
| 008 | 250425s9999 xx 000 0 und d | ||
| 020 | _a8423401055 | ||
| 041 | _aspa | ||
| 043 | _asp | ||
| 082 | _a658.5 | ||
| 100 | _aARJONA CIRIA, ANTONIO | ||
| 245 | 0 | _aEL CONTROL DE CALIDAD EN LA EMPRESA | |
| 250 | _a1 ED | ||
| 260 |
_aEspaƱa _bDEUSTO S.A _c1979 |
||
| 260 | _aMADRID | ||
| 300 | _a136 | ||
| 500 | _aCOLECCION MANUALES PRACTICOS DE GESTION DE EMPRESAS | ||
| 650 | _aCONTROL | ||
| 650 | _aCONTROL | ||
| 650 | _aPRODUCCION | ||
| 650 | _aPRODUCCION | ||
| 710 | _aEDICIONES DEUSTO S.A. | ||
| 942 | _c01 | ||
| 010 | _a14126 | ||
| 999 |
_c203692 _d203692 |
||